00450cam a2200157Ia 4500020001500000020001800015040000800033082002600041100001800067245002300085260006900108300003200177500004700209650001800256650001800274 a0520021541 a9780520021549 cNPS a309 UNI 1998 A074 Or.1 aNakane, Chie,10aJapanese society / aBerkeley, Calif. :bUniversity of California Press,c1998, c1970 axi, 157 p. :bill. ;c22 cm aTranslation of Tateshakai no ningen kankei 0aSocial groups 0aSocial values